000 01029pam a2200301 a 4500
999 _c5638
_d5638
001 1021800
003 OSt
005 20200125120621.0
008 881012s1989 nyua b 001 0 eng
010 _a 88031935
020 _a9780471503545
020 _a0471503541
040 _aDLC
_cDLC
_dDLC
050 0 0 _aT58.6
_b.B87 1989
082 0 0 _a658.4038
_219
100 _aBurch, John G
_91401
245 1 0 _aInformation systems :
_btheory and practice /
_cJohn Burch, Gary Grudnitski.
250 _a5th ed.
260 _aNew York :
_bWiley,
_cc1989.
300 _axvi, 921 p. :
_bill. ;
_c25 cm.
440 0 _aWiley series in computing and information processing
504 _aIncludes bibliographies and index.
650 0 _aManagement information systems.
700 1 _aGrudnitski, Gary
_91552
906 _a7
_bcbc
_corignew
_d1
_eocip
_f19
_gy-gencatlg
942 _2ddc
_cBK
_h658.4038
_iBUR/I
_k658.4038
_mBUR/I